000 00646nam a2200217 a 4500
999 _c86
_d86
003 UPN
005 20210526194134.0
008 991125s1998 fr 000 0 spa u
035 _aUPN01000000086
040 _aUPN
_bspa
_cUPN
049 _aUNE
050 4 _aAS4 U8
_bC5.5
245 0 0 _a50 Años en pro de la educación /
_cEtienne Brunswic ... [et al.] ; tr. y rev. Leonor Guiarratano.
260 _aParís :
_bUNESCO,
_cc1998.
300 _a285 p. :
_bil. col.
500 _aTambién localizas ejemplares en Colección General
610 2 4 _aUNESCO
700 1 _aBrunswic, Etienne,
_d1927-
_ecoaut.
_930924
905 _aLibro
942 _2lcc
_cLIBRO